Countries you can fly to from Beijing Capital Airport (PEK) - Statistics

General Stats
  • This quiz has been taken 28 times
  • The average score is 52 of 55
Answers on the Map
Answers color-coded by a green-red scale on the quiz's map according to % correct below.
 
Answer Stats
Number of destinations Country % Correct
2 Australia
100%
1 Cambodia
100%
2 Canada
100%
1 France
100%
3 Germany
100%
1 India
100%
1 Indonesia
100%
1 Iran
100%
2 Italy
100%
5 Japan
100%
2 Kazakhstan
100%
2 Mexico
100%
1 Mongolia
100%
1 North Korea
100%
1 Poland
100%
4 Russia
100%
4 South Korea
100%
2 Spain
100%
1 Switzerland
100%
3 Thailand
100%
1 Turkey
100%
2 United Arab Emirates
100%
4 United Kingdom
100%
6 United States
100%
2 Vietnam
100%
1 Belgium
96%
122 China
96%
1 Czechia
96%
1 Denmark
96%
1 Egypt
96%
1 Greece
96%
1 Malaysia
96%
1 Myanmar
96%
1 Netherlands
96%
1 New Zealand
96%
1 Philippines
96%
1 Saudi Arabia
96%
1 Taiwan
96%
1 Turkmenistan
96%
1 Uzbekistan
96%
1 Austria
91%
1 Bangladesh
91%
1 Israel
91%
2 Pakistan
91%
1 Singapore
91%
1 Ethiopia
87%
1 Hungary
87%
1 Ireland
87%
1 Norway
87%
1 Sweden
87%
1 Algeria
78%
1 Azerbaijan
78%
1 Maldives
78%
1 Belarus
70%
1 Serbia
70%
No matching quizzes found
Score Distribution
Percent of People with Each Score
Percentile by Number Answered
Your Score History
You have not taken this quiz